Mixed Word: Beatles Songs II Quiz Stats

 Plays Quiz Updated Oct 18, 2017

Score 0/16 Timer 04:00
1 Play Today
Scrambled Song Unscrambled Song % Correct
YHE DUEJHey Jude
99.1%
TEG KBCAGet Back
94.1%
LAL YM VIGNOLAll My Loving
93%
HES SOLVE OUYShe Loves You
92.8%
YAD PRITEPRDay Tripper
88.7%
SWITT DAN HUSTOTwist and Shout
85.9%
NOYEH EPIHoney Pie
85.7%
GGTTIEN TTEEBRGetting Better
76.7%
Scrambled Song Unscrambled Song % Correct
YEXS DIASESexy Sadie
67.7%
CALAMIG SYMYTRE RUTOMagical Mystery Tour
65.4%
MTAAXNTaxman
64.9%
LTEERH LTEERKSHelter Skelter
61.7%
WOLELY BARNEMISUYellow Submarine
56.2%
DARE CENDRUPEDear Prudence
46.5%
LOVENOIRTURevolution
30.8%
PHONETELY AMPPolythene Pam
26.2%

You're not logged in!

Compare scores with friends on all Sporcle quizzes.
OR
Log In

Show Comments

Extras

Top Quizzes Today


Score Distribution

Your Account Isn't Verified!

In order to create a playlist on Sporcle, you need to verify the email address you used during registration. Go to your Sporcle Settings to finish the process.

Report this User

Report this user for behavior that violates our Community Guidelines.

Details: